MARC details
| 000 -CABECERA |
| campo de control de longitud fija |
02068nam a22002057a 4500 |
| 005 - FECHA Y HORA DE LA ÚLTIMA TRANSACCIÓN |
| campo de control |
20231006063607.0 |
| 008 - ELEMENTOS DE LONGITUD FIJA--INFORMACIÓN GENERAL |
| campo de control de longitud fija |
230906b |||||||| |||| 00| 0 spa d |
| 020 ## - NÚMERO INTERNACIONAL NORMALIZADO PARA LIBROS |
| Número Internacional Estándar del Libro |
9789877233599 |
| 040 ## - FUENTE DE LA CATALOGACIÓN |
| Centro catalogador/agencia de origen |
MX-MxUPN |
| Lengua de catalogación |
spa |
| 050 #4 - SIGNATURA TOPOGRÁFICA DE LA BIBLIOTECA DEL CONGRESO |
| Número de clasificación |
LB1733 |
| Número de documento/Ítem |
A26 2023 |
| 245 00 - MENCIÓN DE TÍTULO |
| Título |
A contracorriente: la profesionalización de las educadoras : percepciones, expectativas y retos de la alfabetización académica |
| 260 ## - PUBLICACIÓN, DISTRIBUCIÓN, ETC. |
| Lugar de publicación, distribución, etc. |
Argentina : |
| Nombre del editor, distribuidor, etc. |
Teseo : |
| -- |
Universidad Pedagógica Nacional, |
| Fecha de publicación, distribución, etc. |
2023. |
| 300 ## - DESCRIPCIÓN FÍSICA |
| Extensión |
249 paginas : |
| Otras características físicas |
gráficas |
| 505 00 - NOTA DE CONTENIDO CON FORMATO PREESTABLECIDO |
| Título |
Alfabetización académica de docentes en México : aproximación al estado del arte / |
| Mención de responsabilidad |
Claudia Alaníz Hernández y Karina Félix Cruz. -- |
| Título |
Leer, escribir y hablar en la universidad : una tarea de la alfabetización académica / |
| Mención de responsabilidad |
Linda Vanessa Correa Nava y Angélica Jiménez Robles. -- |
| Título |
De la habilitación a la profesionalización de las docentes de primera infancia en la Ciudad de México / |
| Mención de responsabilidad |
Claudia Alaníz Hernández. -- |
| Título |
La alfabetización académica en la Maestría en Educación Básica : autopercepción de estudiantes y egresados / |
| Mención de responsabilidad |
Claudia Alaníz Hernández, Angélica Jiménez Robles, Linda Vanessa Correa Nava y Karina Félix Cruz. -- |
| Título |
Educadoras en el posgrado : percepciones de la formación de habilidades LEO en la MED / |
| Mención de responsabilidad |
Claudia Alaníz Hernández, Angélica Jiménez Robles, Linda Vanessa Correa Nava y Karina Félix Cruz. -- |
| Título |
La alfabetización académica de las educadoras en la MEB : percepciones y estrategias de estudiantes y docentes / |
| Mención de responsabilidad |
Claudia Alaníz Hernández, Angélica Jiménez Robles, Linda Vanessa Correa Nava y Karina Félix Cruz. -- |
| Título |
Sugerencias y propuestas para ganar independencia en la autoría / |
| Mención de responsabilidad |
Claudia Alaníz Hernández, Angélica Jiménez Robles, Linda Vanessa Correa Nava y Karina Félix Cruz. |
| 650 #4 - ASIENTO SECUNDARIO DE MATERIA - TERMINO TEMATICO |
| 9 (RLIN) |
855 |
| Término de materia o nombre geográfico como elemento de entrada |
Maestras de jardín de niños |
| Subdivisión general |
Formación profesional |
| Subdivisión geográfica |
México |
| 700 1# - ASIENTO SECUNDARIO--NOMBRE DE PERSONAL |
| Nombre de persona |
Alaniz Hernández, Claudia |
| Filiación |
Universidad Pedagógica Nacional (México) |
| 9 (RLIN) |
34558 |
| 902 ## - ELEMENTOS DE DATOS B LOCAL, LDB (RLIN) |
| Creó |
Daniela Badillo 06/09/23 |
| Modificó |
VíctorGodínez/051023 |
| 942 ## - ELEMENTOS DE PUNTO DE ACCESO ADICIONAL (KOHA) |
| Fuente del sistema de clasificación o colocación |
Library of Congress Classification |
| Tipo de ítem Koha |
Libro |